000 00440 a2200145 4500
999 _c4233
_d4233
020 _a0195725026
050 _aP 51 PEA 1981
100 _aPearson, Henry
_eauthor
245 _aThe teaching of language skills:
_blistening, talking, reading, writing /
_cHenry Pearson
264 _aNairobi:
_bOxford University Press,
_c1981
300 _a98p. :
_bill. ;
500 _aIncludes index
650 _aLanguage skills
942 _2lcc
_cBK
_h51
_iPEA
_kP